000 00500nam a2200181 a 4500
001 000019828
005 20200929170144.0
008 100707s1993 xxu r 000 0 spa d
020 _a1883395011
040 _aDO-SdBNP
_bpsa
_cBNPHU
082 _axxx
_bL697u
245 0 3 _aEl libro de urantia.
250 _a2a rev.
260 _aIllinois :
_bUrantia,
_c1993.
300 _alxvi, 2097 p. ;
_c20 cm.
504 _aIncluye referencias bibliográficas y notas al pie de las páginas.
049 _aBNGR
999 _c19341
_d19341